Společenská odpovědnost firem

Spoločenská zodpovednosť firiem znamená dobrovoľné integrovanie princípov trvalo udržateľného rozvoja do dlhodobej stratégie firmy a do každodenných firemných operácií, vrátane interakcie s firemnými stakeholdermi. Štandard SA 8000 a možnosti jeho uplatnenia vo firmách.

Guardado en:
Detalles Bibliográficos
Autor principal: Štěpán, Michal
Formato: Capítulo de libro
Lenguaje:checo
Materias:
Etiquetas: Agregar Etiqueta
Sin Etiquetas, Sea el primero en etiquetar este registro!

MARC

LEADER 00000nla$a2200000$$$4500
001 0115113
005 20221207082055.1
041 0 |a cze 
044 |a SK 
245 1 0 |a Společenská odpovědnost firem  |c Michal Štěpán 
520 |a Spoločenská zodpovednosť firiem znamená dobrovoľné integrovanie princípov trvalo udržateľného rozvoja do dlhodobej stratégie firmy a do každodenných firemných operácií, vrátane interakcie s firemnými stakeholdermi. Štandard SA 8000 a možnosti jeho uplatnenia vo firmách. 
610 2 0 |a firmy 
610 2 0 |a Česko 
610 2 0 |a podnikanie zodpovedné 
610 2 0 |a zodpovednosť spoločenská 
610 2 0 |a normy 
100 1 |a Štěpán, Michal